[Event "Oktoberfest op"]
[Site "Kitchener CAN"]
[Date "2008.10.18"]
[Round "3"]
[White "Hartman, Brian"]
[Black "Samsonkin, Artiom"]
[Result "0-1"]
[WhiteElo "2440"]
[BlackElo "2482"]
[PlyCount "60"]
[EventDate "2008.10.17"]
[EventType "swiss"]
[EventRounds "5"]
[EventCountry "CAN"]

1. e4 c5 2. Nf3 d6 3. d4 cxd4 4. Nxd4 Nf6 5. Nc3 Nc6 6. Be3 Ng4 7. Bb5 Nxe3 8.
fxe3 Bd7 9. O-O e6 10. Bxc6 bxc6 11. Qf3 Qf6 12. Qh5 g6 13. Rxf6 gxh5 14. Raf1
e5 15. Nf5 Be6 16. Ne2 h4 17. b3 Rg8 18. c4 h3 19. g3 Rg6 20. Nh4 Rxf6 21. Rxf6
d5 22. exd5 cxd5 23. cxd5 Bxd5 24. Rf5 Bd6 25. Nc3 Be6 26. Nb5 Rd8 27. Nxd6+
Rxd6 28. Rf2 e4 29. Rb2 Rd1+ 30. Kf2 Rh1 0-1

[Event "Oktoberfest op"]
[Site "Kitchener CAN"]
[Date "2008.10.19"]
[Round "4"]
[White "Samsonkin, Artiom"]
[Black "Henry, Liam"]
[Result "1/2-1/2"]
[WhiteElo "2482"]
[BlackElo "2247"]
[PlyCount "58"]
[EventDate "2008.10.17"]
[EventType "swiss"]
[EventRounds "5"]
[EventCountry "CAN"]

1. e4 c5 2. Nf3 d6 3. Bb5+ Bd7 4. Bxd7+ Qxd7 5. O-O Nf6 6. Re1 Nc6 7. b3 e6 8.
Bb2 Be7 9. c4 O-O 10. d4 cxd4 11. Nxd4 a6 12. Nc3 Nxd4 13. Qxd4 b5 14. Rad1 Qc6
15. cxb5 axb5 16. Qb4 Rfe8 17. Qxb5 Qxb5 18. Nxb5 Rxa2 19. Bxf6 gxf6 20. Nxd6
Rd8 21. Nc4 Rxd1 22. Rxd1 Bc5 23. Nd2 Rb2 24. Kf1 Bb4 25. Nc4 Rxb3 26. Rd8+ Bf8
27. e5 Rb4 28. Rc8 fxe5 29. Nxe5 Rb7 1/2-1/2

[Event "Oktoberfest op"]
[Site "Kitchener CAN"]
[Date "2008.10.19"]
[Round "5"]
[White "Samsonkin, Artiom"]
[Black "Hambleton, Aman"]
[Result "1-0"]
[WhiteElo "2482"]
[BlackElo "2058"]
[PlyCount "79"]
[EventDate "2008.10.17"]
[EventType "swiss"]
[EventRounds "5"]
[EventCountry "CAN"]

1. e4 e6 2. d4 d5 3. e5 c5 4. c3 Nc6 5. Nf3 Bd7 6. a3 Nge7 7. Bd3 cxd4 8. cxd4
Nf5 9. Bc2 Qb6 10. Bxf5 exf5 11. O-O Be6 12. Nc3 Be7 13. b4 O-O 14. Qd3 Rac8
15. Rd1 Qd8 16. Ne2 b5 17. Qxb5 a5 18. Bd2 Qd7 19. bxa5 Nxe5 20. Qxd7 Nxf3+ 21.
gxf3 Bxd7 22. Bb4 Rfe8 23. Nf4 Ba4 24. Re1 Bf6 25. Rxe8+ Rxe8 26. Bc5 Ra8 27.
Rb1 h6 28. Bb6 Be7 29. Nxd5 Bd6 30. Nc3 Bd7 31. Nb5 Bxb5 32. Rxb5 Bxa3 33. Bc7
f6 34. Rb8+ Rxb8 35. Bxb8 Bb2 36. Ba7 Bc1 37. Bc5 Bf4 38. d5 Bb8 39. d6 Kf7 40.
d7 1-0

[Event "Labour Day op"]
[Site "Toronto CAN"]
[Date "2008.08.30"]
[Round "2.3"]
[White "Zeromskis, Egidijus"]
[Black "Samsonkin, Artiom"]
[Result "0-1"]
[WhiteElo "2229"]
[BlackElo "2488"]
[PlyCount "100"]
[EventDate "2008.08.30"]
[EventType "swiss"]
[EventRounds "6"]
[EventCountry "CAN"]

1. e4 c5 2. Nc3 e6 3. g3 d5 4. exd5 exd5 5. Bg2 Nf6 6. Nge2 d4 7. Ne4 Nxe4 8.
Bxe4 Bd6 9. d3 O-O 10. O-O Nd7 11. Bf4 Nf6 12. Bg2 Bg4 13. Bxd6 Qxd6 14. Qd2
Nd5 15. Rae1 Rfe8 16. a3 Be6 17. c4 dxc3 18. Nxc3 h6 19. Nxd5 Bxd5 20. Bxd5
Qxd5 21. Rxe8+ Rxe8 22. Re1 Rxe1+ 23. Qxe1 Qxd3 24. Qe8+ Kh7 25. Qxf7 Qe4 26.
h4 c4 27. Kh2 a6 28. Qd7 b5 29. Qa7 Qe5 30. Qxa6 Qxb2 31. Qb6 Qe5 32. Qc6 c3
33. Qc8 Qd4 34. Qf5+ g6 35. Qf7+ Qg7 36. Qb3 Qc7 37. Qc2 Qc5 38. Kg1 h5 39. g4
Kg7 40. gxh5 gxh5 41. Qd1 c2 42. Qd7+ Kf6 43. Qd8+ Ke5 44. Qg5+ Kd4 45. Qd2+
Ke4 46. Qe2+ Kf4 47. Qd2+ Kg4 48. Qe2+ Kxh4 49. Qe4+ Kg5 50. Qg2+ Kh6 0-1

[Event "CAN-ch U20 2008"]
[Site "Toronto CAN"]
[Date "2008.05.09"]
[Round "1"]
[White "Humphreys, Michael"]
[Black "Samsonkin, Artiom"]
[Result "0-1"]
[WhiteElo "2103"]
[BlackElo "2461"]
[PlyCount "84"]
[EventDate "2008.05.09"]
[EventType "swiss"]
[EventRounds "9"]
[EventCountry "CAN"]

1. d4 Nf6 2. Nf3 g6 3. c4 Bg7 4. Nc3 O-O 5. e4 d6 6. Be2 Na6 7. O-O e5 8. d5
Nc5 9. Qc2 a5 10. Bg5 h6 11. Bh4 g5 12. Bg3 Nh5 13. Nd2 Nf4 14. f3 Qe8 15. Bf2
b6 16. b3 f5 17. exf5 Bxf5 18. Nde4 Qg6 19. Bxc5 bxc5 20. g3 Nxe2+ 21. Qxe2 g4
22. fxg4 Bxg4 23. Qg2 Qh5 24. h4 Bf3 25. Qh3 Rf5 26. Rf2 Raf8 27. Raf1 Qg6 28.
Rxf3 Rxf3 29. Rxf3 Rxf3 30. Qe6+ Kh7 31. Qxg6+ Kxg6 32. Kg2 Rd3 33. Kf2 Kf5 34.
Ke2 Rd4 35. Nf2 h5 36. Nb5 e4 37. Nxd4+ cxd4 38. a3 d3+ 39. Nxd3 exd3+ 40. Kxd3
Be5 41. b4 axb4 42. axb4 Bxg3 0-1

[Event "CAN-ch U20 2008"]
[Site "Toronto CAN"]
[Date "2008.05.10"]
[Round "2"]
[White "Samsonkin, Artiom"]
[Black "Zhou, Haonan"]
[Result "1-0"]
[WhiteElo "2461"]
[BlackElo "2137"]
[PlyCount "65"]
[EventDate "2008.05.09"]
[EventType "swiss"]
[EventRounds "9"]
[EventCountry "CAN"]

1. e4 e6 2. d4 d5 3. e5 c5 4. c3 Nc6 5. Nf3 Qb6 6. a3 c4 7. Nbd2 Na5 8. g3 Bd7
9. h4 O-O-O 10. Rb1 Kb8 11. Bh3 f5 12. exf6 gxf6 13. O-O Bd6 14. Re1 Re8 15.
Nf1 Qc7 16. Ne3 h5 17. Ng2 Nb3 18. Bf4 Nh6 19. Nd2 Nxd2 20. Qxd2 Nf7 21. Rbd1
Re7 22. Bxd6 Qxd6 23. Nf4 e5 24. dxe5 fxe5 25. Qxd5 Qf6 26. Nxh5 Rxh5 27. Bxd7
Rh8 28. Bh3 Rc7 29. Qe6 Qg7 30. Rd7 Rxd7 31. Qxd7 Rd8 32. Qe7 a6 33. Bg2 1-0

[Event "CAN-ch U20 2008"]
[Site "Toronto CAN"]
[Date "2008.05.10"]
[Round "3"]
[White "Martchenko, Alexander"]
[Black "Samsonkin, Artiom"]
[Result "0-1"]
[WhiteElo "2212"]
[BlackElo "2461"]
[PlyCount "100"]
[EventDate "2008.05.09"]
[EventType "swiss"]
[EventRounds "9"]
[EventCountry "CAN"]

1. e4 Nf6 2. e5 Nd5 3. d4 d6 4. c4 Nb6 5. exd6 exd6 6. h3 Be7 7. Nf3 O-O 8. Be2
Nc6 9. Be3 Bf6 10. Nc3 d5 11. c5 Nc4 12. Bxc4 dxc4 13. O-O Bf5 14. Qa4 Bd3 15.
Rfd1 a5 16. a3 Re8 17. Rd2 Ne7 18. b3 Nd5 19. Nxd5 Qxd5 20. Rc1 Be4 21. bxc4
Qf5 22. Ne1 Bg5 23. Rc3 Qg6 24. Qd1 f5 25. Bxg5 Qxg5 26. Nf3 Qg6 27. Qf1 Rad8
28. Rd1 f4 29. Nh2 h5 30. f3 Bc2 31. Rd2 Bf5 32. Qf2 Bxh3 33. Qh4 Qb1+ 34. Nf1
Bf5 35. d5 Rd7 36. Qf2 Rde7 37. d6 cxd6 38. cxd6 Re1 39. d7 Bxd7 40. Rcd3 Rxf1+
41. Qxf1 Re1 42. Rd1 Qb6+ 43. Rd4 Rxf1+ 44. Kxf1 Ba4 45. R1d2 Qb1+ 46. Kf2 Qc1
47. Rd8+ Kh7 48. R2d5 Qe3+ 49. Kf1 Bb3 50. Rc8 b5 0-1

[Event "CAN-ch U20 2008"]
[Site "Toronto CAN"]
[Date "2008.05.11"]
[Round "4"]
[White "Samsonkin, Artiom"]
[Black "Tayar, Jonathan"]
[Result "1-0"]
[WhiteElo "2461"]
[BlackElo "2343"]
[PlyCount "91"]
[EventDate "2008.05.09"]
[EventType "swiss"]
[EventRounds "9"]
[EventCountry "CAN"]

1. e4 e5 2. Nc3 Nf6 3. f4 d5 4. fxe5 Nxe4 5. Nf3 Bg4 6. d3 Nxc3 7. bxc3 c5 8.
Rb1 Qd7 9. h3 Bh5 10. Be2 Be7 11. O-O O-O 12. d4 Nc6 13. Be3 c4 14. Nh2 Bxe2
15. Qxe2 f5 16. g4 b6 17. Qg2 fxg4 18. Nxg4 Kh8 19. Bd2 Rad8 20. Ne3 h6 21.
Rxf8+ Bxf8 22. Rf1 Ne7 23. Be1 Qe6 24. Bh4 Kh7 25. Nxd5 Rxd5 26. Rxf8 Ng6 27.
Rd8 Rxd8 28. Bxd8 Qd7 29. Qa8 Qxh3 30. Kf2 Qh2+ 31. Qg2 Qf4+ 32. Kg1 Qf8 33.
Qd5 Qf4 34. Qg2 Qf8 35. Bc7 Qf4 36. Qe2 Qg3+ 37. Kf1 Qf4+ 38. Qf2 Qc1+ 39. Kg2
Nf4+ 40. Kh2 g5 41. e6 Kg7 42. d5 h5 43. Be5+ Kf8 44. d6 Ke8 45. d7+ Ke7 46.
Bf6+ 1-0

[Event "CAN-ch U20 2008"]
[Site "Toronto CAN"]
[Date "2008.05.11"]
[Round "5"]
[White "Ye, Ling Feng"]
[Black "Samsonkin, Artiom"]
[Result "0-1"]
[WhiteElo "2192"]
[BlackElo "2461"]
[PlyCount "64"]
[EventDate "2008.05.09"]
[EventType "swiss"]
[EventRounds "9"]
[EventCountry "CAN"]

1. e4 c5 2. Nf3 d6 3. d4 cxd4 4. Nxd4 Nf6 5. Nc3 Nc6 6. Be2 e5 7. Nb3 Be7 8.
Be3 O-O 9. O-O a5 10. a4 Nb4 11. Bf3 d5 12. exd5 Bf5 13. Rc1 e4 14. Be2 Nbxd5
15. Bd4 Nxc3 16. Bxc3 Qc7 17. Qe1 b6 18. Nd4 Bg6 19. Nb5 Qc6 20. b3 Nd5 21. Bc4
Nf4 22. Be5 Bg5 23. Qc3 Rfc8 24. Rcd1 Qc5 25. Kh1 Ne6 26. Rd7 Bf4 27. Bxf4 Nxf4
28. Qe3 Qf5 29. Rfd1 Nd3 30. Rxf7 Bxf7 31. Bxf7+ Qxf7 32. cxd3 Qxb3 0-1

[Event "CAN-ch U20 2008"]
[Site "Toronto CAN"]
[Date "2008.05.12"]
[Round "6"]
[White "Samsonkin, Artiom"]
[Black "Kraiouchkine, Nikita"]
[Result "1-0"]
[WhiteElo "2461"]
[BlackElo "2122"]
[PlyCount "69"]
[EventDate "2008.05.09"]
[EventType "swiss"]
[EventRounds "9"]
[EventCountry "CAN"]

1. e4 e5 2. f4 d5 3. exd5 e4 4. d3 Nf6 5. dxe4 Nxe4 6. Nf3 Bc5 7. Qe2 Bf5 8.
Nc3 Qe7 9. Be3 Nd7 10. Bxc5 Ndxc5 11. Nxe4 Bxe4 12. O-O-O O-O-O 13. Qe3 c6 14.
Bc4 Rhe8 15. dxc6 Rxd1+ 16. Rxd1 Bxc6 17. Ne5 Bxg2 18. Bxf7 Rf8 19. Bd5 Bxd5
20. Rxd5 b6 21. b4 Ne6 22. Qc3+ Qc7 23. Qh3 Rf6 24. Rd7 Qxd7 25. Nxd7 Kxd7 26.
f5 Nf8 27. Qg2 Rf7 28. Qb7+ Ke8 29. Qb8+ Ke7 30. Qxa7+ Nd7 31. a4 Rxf5 32. a5
bxa5 33. bxa5 Kd6 34. a6 Nc5 35. Qb8+ 1-0

[Event "CAN-ch U20 2008"]
[Site "Toronto CAN"]
[Date "2008.05.01"]
[Round "7"]
[White "Calugar, Arthur"]
[Black "Samsonkin, Artiom"]
[Result "0-1"]
[WhiteElo "2075"]
[BlackElo "2461"]
[PlyCount "94"]
[EventDate "2008.05.09"]
[EventType "swiss"]
[EventRounds "9"]
[EventCountry "CAN"]

1. Nf3 Nf6 2. b3 g6 3. Bb2 Bg7 4. g3 O-O 5. Bg2 c5 6. c4 Nc6 7. O-O d6 8. d4
Nd7 9. e3 e5 10. Na3 a6 11. Qd2 Qe7 12. Rfd1 Re8 13. Rac1 Nf8 14. Nc2 e4 15.
Nfe1 Bg4 16. f3 exf3 17. Nxf3 cxd4 18. Bxd4 Nxd4 19. exd4 Qe2 20. Qf4 Re4 21.
Re1 Rxf4 22. Rxe2 Bxf3 23. Rf2 Bxg2 24. Rxf4 Bh3 25. Re4 Bf5 26. Re7 Bh6 27.
Ne3 Bg5 28. Nxf5 gxf5 29. Rce1 Bxe7 30. Rxe7 b5 31. c5 dxc5 32. dxc5 b4 33. Rb7
a5 34. c6 Rc8 35. c7 Kg7 36. Rb5 Rxc7 37. Rxa5 Rc2 38. Ra4 Ne6 39. Rxb4 Rxa2
40. Rb8 Kf6 41. b4 Ke5 42. b5 Ke4 43. Rc8 Rb2 44. Rc4+ Nd4 45. Rc7 Rxb5 46.
Rxf7 Kf3 47. h4 Rb2 0-1

[Event "CAN-ch U20 2008"]
[Site "Toronto CAN"]
[Date "2008.05.01"]
[Round "8"]
[White "Samsonkin, Artiom"]
[Black "Kaminski, Victor"]
[Result "0-1"]
[WhiteElo "2461"]
[BlackElo "2285"]
[PlyCount "117"]
[EventDate "2008.05.09"]
[EventType "swiss"]
[EventRounds "9"]
[EventCountry "CAN"]

1. e4 e6 2. d4 d5 3. Nc3 Bb4 4. e5 c5 5. a3 Bxc3+ 6. bxc3 Ne7 7. Nf3 Qa5 8. Qd2
b6 9. a4 Ba6 10. Bd3 Nbc6 11. O-O cxd4 12. Bxa6 Qxa6 13. cxd4 Qc4 14. Ba3 Nf5
15. Rfd1 Rc8 16. h3 h6 17. h4 h5 18. Bb2 Nb4 19. c3 Na2 20. Rdb1 Nxc3 21. Bxc3
Qxc3 22. Qxc3 Rxc3 23. a5 O-O 24. axb6 axb6 25. Rxb6 Rxf3 26. gxf3 Kh7 27. Rb4
Nxh4 28. Ra3 Kg6 29. Kh2 Kg5 30. Kh3 Nf5 31. Ra7 Kf4 32. Rbb7 f6 33. exf6 Rxf6
34. Ra4 Kxf3 35. Rb3+ Kf4 36. Kg2 g5 37. Rh3 h4 38. Rf3+ Ke4 39. Rc3 g4 40. Rc1
Kf4 41. Re1 h3+ 42. Kh2 Nh4 43. Rd1 Nf3+ 44. Kh1 Rg6 45. Ra6 Kf5 46. Ra3 Rg8
47. Re3 Rc8 48. Red3 Rc2 49. Rf1 Re2 50. Rxf3+ gxf3 51. Kh2 Kf4 52. Kxh3 Rd2
53. Re1 Rxf2 54. Rxe6 Rd2 55. Rf6+ Ke3 56. Kg3 Rg2+ 57. Kh3 Rg8 58. Rf5 f2 59.
Kh2 0-1

[Event "CAN-ch U20 2008"]
[Site "Toronto CAN"]
[Date "2008.05.01"]
[Round "9"]
[White "Sapozhnikov, Roman"]
[Black "Samsonkin, Artiom"]
[Result "1/2-1/2"]
[WhiteElo "2118"]
[BlackElo "2461"]
[PlyCount "46"]
[EventDate "2008.05.09"]
[EventType "swiss"]
[EventRounds "9"]
[EventCountry "CAN"]

1. Nf3 Nf6 2. d4 g6 3. g3 Bg7 4. Bg2 O-O 5. O-O d6 6. Nc3 Nbd7 7. e4 e5 8. h3
c6 9. Re1 b5 10. a3 Qe7 11. Bg5 h6 12. Be3 Nb6 13. d5 cxd5 14. Bxb6 axb6 15.
exd5 Qd7 16. Na2 Bb7 17. Nb4 Rac8 18. Nd2 Rfe8 19. c3 Rc5 20. Nb3 Rc4 21. Nd2
Rc5 22. Nb3 Rcc8 23. Nd2 Rc5 1/2-1/2

[Event "Guelph Spring Pro Am"]
[Site "Guelph CAN"]
[Date "2008.04.19"]
[Round "1"]
[White "Jung, Hans"]
[Black "Samsonkin, Artiom"]
[Result "0-1"]
[WhiteElo "2158"]
[BlackElo "2455"]
[PlyCount "62"]
[EventDate "2008.04.19"]
[EventType "swiss"]
[EventRounds "5"]
[EventCountry "CAN"]

1. e4 c5 2. Nf3 d6 3. d3 Nc6 4. g3 g6 5. Bg2 Bg7 6. c3 e5 7. Nbd2 Nge7 8. a4
O-O 9. O-O h6 10. Ne1 Be6 11. Nc2 Qd7 12. Nc4 Rad8 13. Re1 f5 14. exf5 Nxf5 15.
f4 exf4 16. Bxf4 g5 17. Bc1 d5 18. N4e3 d4 19. Nxf5 Bxf5 20. cxd4 cxd4 21. Ra3
Ne5 22. Nb4 Bg4 23. Qb3+ Kh8 24. Nd5 Bf3 25. Nb4 a5 26. Nc2 Bxg2 27. Kxg2 Qc6+
28. Re4 Qf6 29. Bf4 gxf4 30. Rxf4 Qc6+ 31. Re4 Nxd3 0-1

[Event "Guelph Spring Pro Am"]
[Site "Guelph CAN"]
[Date "2008.04.19"]
[Round "2"]
[White "Samsonkin, Artiom"]
[Black "Knox, Christopher"]
[Result "1-0"]
[WhiteElo "2455"]
[BlackElo "2075"]
[PlyCount "100"]
[EventDate "2008.04.19"]
[EventType "swiss"]
[EventRounds "5"]
[EventCountry "CAN"]

1. e4 c5 2. Nf3 Nc6 3. c3 d5 4. exd5 Qxd5 5. d4 Bg4 6. Be2 Nf6 7. h3 Bh5 8. c4
Qd8 9. d5 Bxf3 10. Bxf3 Nd4 11. O-O g6 12. Be3 Nxf3+ 13. Qxf3 Rc8 14. Nc3 Bg7
15. d6 Qxd6 16. Qxb7 Qc6 17. Qxa7 Nd7 18. Nd5 e6 19. Rfe1 Be5 20. Bg5 Ra8 21.
Ne7 Qa6 22. Qxa6 Rxa6 23. Rad1 h6 24. Rxe5 Nxe5 25. Bf6 Rh7 26. Nf5 Nc6 27.
Nd6+ Kf8 28. Ne4 Ra8 29. Nxc5 Ne7 30. Rd7 Ng8 31. Be5 Re8 32. Rc7 Rd8 33. b4 h5
34. b5 h4 35. b6 Rh5 36. f4 Ke8 37. b7 Ne7 38. Bf6 Rxc5 39. Rxe7+ Kf8 40. Rxf7+
Kxf7 41. Bxd8 Rxc4 42. b8=Q g5 43. Qb1 g4 44. Qh7+ Kf8 45. Qh8+ Kf7 46. Qf6+
Kg8 47. Qxe6+ Kg7 48. Bf6+ Kg6 49. f5+ Kh6 50. Be5+ Kg5 1-0

[Event "Guelph Spring Pro Am"]
[Site "Guelph CAN"]
[Date "2008.04.19"]
[Round "3"]
[White "Stevens, Christian"]
[Black "Samsonkin, Artiom"]
[Result "1/2-1/2"]
[WhiteElo "2363"]
[BlackElo "2455"]
[PlyCount "48"]
[EventDate "2008.04.19"]
[EventType "swiss"]
[EventRounds "5"]
[EventCountry "CAN"]

1. d4 Nf6 2. Bg5 Ne4 3. Bf4 c5 4. f3 Qa5+ 5. c3 Nf6 6. Nd2 cxd4 7. Nb3 Qb6 8.
Qxd4 Qxd4 9. cxd4 Nc6 10. e4 e6 11. a3 b6 12. Ne2 d6 13. Nc3 Bb7 14. d5 exd5
15. Nxd5 Nxd5 16. exd5 Ne5 17. Bb5+ Kd8 18. Nd4 Bxd5 19. Rd1 Kc7 20. Ba6 Re8
21. Kf2 Kb8 22. Nf5 Bc4 23. Bxc4 Nxc4 24. b3 g6 1/2-1/2

[Event "Guelph Spring Pro Am"]
[Site "Guelph CAN"]
[Date "2008.04.20"]
[Round "4"]
[White "Samsonkin, Artiom"]
[Black "Martchenko, Alexander"]
[Result "1-0"]
[WhiteElo "2455"]
[BlackElo "2178"]
[PlyCount "75"]
[EventDate "2008.04.19"]
[EventType "swiss"]
[EventRounds "5"]
[EventCountry "CAN"]

1. e4 c5 2. Nf3 Nc6 3. c3 Nf6 4. Bd3 d5 5. e5 Ng8 6. h3 e6 7. O-O Nge7 8. Re1
Ng6 9. Na3 a6 10. Bxg6 hxg6 11. d4 Be7 12. dxc5 Bxc5 13. Nc2 Qc7 14. Ncd4 Bd7
15. Bg5 Qb6 16. Qd2 Nxd4 17. Nxd4 Bxd4 18. cxd4 Rc8 19. Rad1 Rc6 20. Re3 Qc7
21. Qb4 Bc8 22. Rc3 Rxc3 23. bxc3 Rf8 24. Bc1 Qc4 25. Qd6 f6 26. Ba3 Rf7 27.
exf6 gxf6 28. Bc5 Qa4 29. Rd3 Qc6 30. Qg3 b6 31. Ba3 g5 32. h4 Qb5 33. Qb8 Qc4
34. Bc5 bxc5 35. Qxc8+ Ke7 36. Re3 e5 37. dxe5 f5 38. e6 1-0

[Event "Guelph Spring Pro Am"]
[Site "Guelph CAN"]
[Date "2008.04.20"]
[Round "5"]
[White "Samsonkin, Artiom"]
[Black "Inigo, Aquino"]
[Result "1-0"]
[WhiteElo "2455"]
[BlackElo "2057"]
[PlyCount "51"]
[EventDate "2008.04.19"]
[EventType "swiss"]
[EventRounds "5"]
[EventCountry "CAN"]

1. e4 e6 2. d4 d5 3. e5 c5 4. c3 Nc6 5. Nf3 Qb6 6. a3 Nh6 7. b4 cxd4 8. Bxh6
gxh6 9. cxd4 Bd7 10. Be2 Bg7 11. Nc3 f6 12. b5 Qa5 13. Qd2 Ne7 14. O-O O-O 15.
exf6 Bxf6 16. Nxd5 Qxd2 17. Nxf6+ Rxf6 18. Nxd2 Nd5 19. Rac1 Raf8 20. g3 R6f7
21. Ne4 Rg7 22. Bc4 Nf4 23. Kh1 Nh3 24. Nc5 Re8 25. Nxd7 Rxd7 26. f4 1-0

[Event "Niagara Falls op"]
[Site "Niagara Falls CAN"]
[Date "2008.03.29"]
[Round "1"]
[White "Samsonkin, Artiom"]
[Black "Villalobos, Oscar"]
[Result "1-0"]
[WhiteElo "2416"]
[BlackElo "1791"]
[PlyCount "45"]
[EventDate "2008.03.29"]
[EventType "swiss"]
[EventRounds "5"]
[EventCountry "CAN"]

1. e4 c5 2. Nf3 d6 3. d4 cxd4 4. Nxd4 Nf6 5. Nc3 a6 6. Bg5 e6 7. f4 Qc7 8. Bxf6
gxf6 9. Be2 Nc6 10. Qd2 Bd7 11. Bh5 Bh6 12. Rf1 Nxd4 13. Qxd4 O-O 14. O-O-O e5
15. Nd5 Qd8 16. Qb4 Bc6 17. Kb1 a5 18. Qa3 Bxd5 19. Rxd5 exf4 20. Bg4 Qe7 21.
Bf5 Bg5 22. Qh3 h6 23. Qg4 1-0

[Event "Winter op"]
[Site "Kitchener CAN"]
[Date "2008.02.15"]
[Round "1"]
[White "Becker, Paul"]
[Black "Samsonkin, Artiom"]
[Result "0-1"]
[WhiteElo "2083"]
[BlackElo "2464"]
[PlyCount "132"]
[EventDate "2008.02.15"]
[EventType "swiss"]
[EventRounds "5"]
[EventCountry "CAN"]

1. e4 c5 2. Nf3 d6 3. d4 cxd4 4. Nxd4 Nf6 5. Nc3 Nc6 6. Bg5 e6 7. Qd2 a6 8.
O-O-O Bd7 9. f4 b5 10. Nxc6 Bxc6 11. Bd3 Be7 12. Rhe1 O-O 13. Bxf6 Bxf6 14. Kb1
b4 15. Ne2 Qb6 16. g4 Rfc8 17. e5 dxe5 18. g5 Bd8 19. fxe5 Qc5 20. Nd4 Bd5 21.
Nb3 Qe7 22. h4 a5 23. Be4 Bxe4 24. Rxe4 a4 25. Nc1 Ba5 26. Qd6 Qb7 27. Red4 g6
28. Qd7 Qg2 29. R4d2 Qg3 30. Rf1 Rc7 31. Qxa4 Qxe5 32. Rd7 Rxd7 33. Qxd7 Rf8
34. Nd3 Qe2 35. Rc1 Qe4 36. Qb5 Ra8 37. Ne5 Kg7 38. Rf1 Ra7 39. b3 Bd8 40. Qb8
Qe2 41. Rxf7+ Rxf7 42. Nxf7 Qe1+ 43. Kb2 Qc3+ 44. Kb1 Bc7 45. Qe8 Bf4 46. a4
Qd2 47. Qh8+ Kxf7 48. Qf6+ Ke8 49. Qxe6+ Kd8 50. Qg8+ Kc7 51. Qc4+ Kd6 52. Qa6+
Ke5 53. Qb5+ Ke4 54. Qc4+ Kf3 55. Qf1+ Kg4 56. Qh1 Qd4 57. Ka2 Be5 58. Qg2+
Kxh4 59. Qh1+ Kxg5 60. Qg2+ Kf5 61. Qf3+ Ke6 62. Qc6+ Ke7 63. Qb7+ Kd8 64. Qa8+
Kc7 65. Qa5+ Kd7 66. Qb5+ Kd8 0-1

[Event "Winter op"]
[Site "Kitchener CAN"]
[Date "2008.02.16"]
[Round "2"]
[White "Samsonkin, Artiom"]
[Black "Morrison, Kyle"]
[Result "1-0"]
[WhiteElo "2464"]
[BlackElo "2122"]
[PlyCount "53"]
[EventDate "2008.02.15"]
[EventType "swiss"]
[EventRounds "5"]
[EventCountry "CAN"]

1. e4 c5 2. Nf3 d6 3. d4 cxd4 4. Nxd4 Nf6 5. Nc3 a6 6. Bg5 e6 7. f4 Qb6 8. Qd2
Qxb2 9. Nb3 Qa3 10. Bxf6 gxf6 11. Be2 h5 12. O-O Nd7 13. Kh1 Be7 14. Bf3 Qb4
15. Rae1 Qc4 16. Rf2 Rb8 17. Rfe2 b6 18. Nd4 Bb7 19. Nd5 Qxa2 20. Nf5 exf5 21.
exf5 Ne5 22. fxe5 dxe5 23. Nxe7 Bxf3 24. Qd6 Rd8 25. Qxf6 Rh6 26. Ng6 Rxg6 27.
Rxe5+ 1-0

[Event "Winter op"]
[Site "Kitchener CAN"]
[Date "2008.02.16"]
[Round "3"]
[White "Quan Zhe"]
[Black "Samsonkin, Artiom"]
[Result "1/2-1/2"]
[WhiteElo "2460"]
[BlackElo "2464"]
[PlyCount "71"]
[EventDate "2008.02.15"]
[EventType "swiss"]
[EventRounds "5"]
[EventCountry "CAN"]

1. d4 Nf6 2. c4 g6 3. Nc3 Bg7 4. e4 d6 5. Bg5 O-O 6. Qd2 Nbd7 7. Bd3 c6 8. Nge2
e5 9. d5 cxd5 10. cxd5 Nc5 11. Bc2 a5 12. O-O Bd7 13. a3 a4 14. f3 Qa5 15. Rfc1
Rfc8 16. Na2 Qxd2 17. Bxd2 Be8 18. Nb4 h5 19. Bd1 Kh7 20. Rc3 Nfd7 21. Rac1 Bh6
22. Bxh6 Kxh6 23. Ng3 Nb6 24. Kf2 Bd7 25. Nf1 f5 26. Nd2 Rf8 27. Ke3 f4+ 28.
Kf2 Rac8 29. Be2 g5 30. Nd3 Na6 31. b4 Rxc3 32. Rxc3 Rc8 33. Rxc8 Nxc8 34. Nb2
Nc7 35. Nbc4 Nb5 36. Bd1 1/2-1/2

[Event "Winter op"]
[Site "Kitchener CAN"]
[Date "2008.02.17"]
[Round "4"]
[White "Samsonkin, Artiom"]
[Black "Yuan, Yuanling"]
[Result "1-0"]
[WhiteElo "2464"]
[BlackElo "2194"]
[PlyCount "65"]
[EventDate "2008.02.15"]
[EventType "swiss"]
[EventRounds "5"]
[EventCountry "CAN"]

1. e4 c5 2. Nc3 Nc6 3. f4 g6 4. Nf3 Bg7 5. Bc4 d6 6. d3 e6 7. f5 Nf6 8. O-O O-O
9. fxg6 fxg6 10. Bg5 Qb6 11. Qd2 Bd7 12. a4 a6 13. Ne2 Rae8 14. Ng3 Ng4 15. h3
Nge5 16. Nxe5 Nxe5 17. c3 Qc6 18. Ba2 b5 19. axb5 axb5 20. Rad1 Kh8 21. Bh6 Nf7
22. Bxg7+ Kxg7 23. d4 c4 24. e5 dxe5 25. Bb1 Qb6 26. Qf2 Nh6 27. Qe3 Nf7 28.
Qf2 Nh6 29. Nh5+ Kh8 30. Qxf8+ Rxf8 31. Rxf8+ Ng8 32. Rdf1 Qd6 33. R1f7 1-0

[Event "Winter op"]
[Site "Kitchener CAN"]
[Date "2008.02.17"]
[Round "5"]
[White "Sambuev, Bator"]
[Black "Samsonkin, Artiom"]
[Result "0-1"]
[WhiteElo "2530"]
[BlackElo "2464"]
[PlyCount "98"]
[EventDate "2008.02.15"]
[EventType "swiss"]
[EventRounds "5"]
[EventCountry "CAN"]

1. d4 Nf6 2. c4 e6 3. Nc3 d5 4. Bg5 Be7 5. Nf3 O-O 6. e3 Nbd7 7. Bd3 dxc4 8.
Bxc4 c5 9. O-O cxd4 10. exd4 Nb6 11. Bb3 Nbd5 12. Re1 Bd7 13. Nxd5 Nxd5 14.
Bxd5 Bxg5 15. Bxb7 Rb8 16. Be4 Rxb2 17. Rb1 Rxa2 18. Rb7 Ra5 19. d5 Bc8 20. h4
Bxb7 21. Bxh7+ Kh8 22. hxg5 Kxh7 23. Qb1+ Kg8 24. Qxb7 Qxd5 25. Qe7 Qc5 26. Qd7
Ra2 27. Rf1 Qd5 28. Qe7 Qe4 29. Qc7 a5 30. Ne5 Rc2 31. Qxa5 Ra8 32. Qb5 Qd5 33.
Qb1 Rac8 34. Nf3 e5 35. Rd1 Qc5 36. Rf1 e4 37. Ne1 Rc4 38. g6 fxg6 39. g3 Rf8
40. Qa2 Kh7 41. Qe2 Qd5 42. Ng2 Qd3 43. Qg4 Qf3 44. Qh3+ Kg8 45. Ne3 Rc5 46.
Qe6+ Kh7 47. Ng2 Rh5 48. Qb6 Rf6 49. Qe3 g5 0-1

[Event "Winter Pro-Am"]
[Site "Guelph CAN"]
[Date "2008.02.02"]
[Round "1"]
[White "Samsonkin, Artiom"]
[Black "Arandia, Henry"]
[Result "1-0"]
[WhiteElo "2448"]
[BlackElo "2101"]
[PlyCount "43"]
[EventDate "2008.02.02"]
[EventType "swiss"]
[EventRounds "5"]
[EventCountry "CAN"]

1. e4 d6 2. d4 Nf6 3. Nc3 g6 4. f4 Bg7 5. Nf3 O-O 6. Bd3 Na6 7. O-O c5 8. d5
Bg4 9. Qe1 Nb4 10. Qh4 Bxf3 11. Rxf3 c4 12. Bxc4 Nxc2 13. Rb1 Rc8 14. Bf1 Qb6+
15. Kh1 Nd4 16. Rh3 Rxc3 17. Rxc3 Nxe4 18. Rh3 h5 19. Be3 Nf5 20. Bxb6 Nxh4 21.
Bxa7 Nf5 22. Bd3 1-0

[Event "Winter Pro-Am"]
[Site "Guelph CAN"]
[Date "2008.02.02"]
[Round "2"]
[White "Dougherty, Michael"]
[Black "Samsonkin, Artiom"]
[Result "0-1"]
[WhiteElo "2284"]
[BlackElo "2455"]
[PlyCount "84"]
[EventDate "2008.02.02"]
[EventType "swiss"]
[EventRounds "5"]
[EventCountry "CAN"]

1. Nf3 Nf6 2. c4 g6 3. Nc3 Bg7 4. e4 d6 5. d4 O-O 6. Be2 e5 7. d5 a5 8. Bg5 Na6
9. Nd2 Nc5 10. O-O Bd7 11. Rb1 h6 12. Bh4 Qc8 13. b3 Nh7 14. f3 f5 15. a3 h5
16. b4 axb4 17. axb4 Na4 18. Nxa4 Bxa4 19. Qc1 Bd7 20. Qc3 g5 21. Bf2 g4 22. c5
Ng5 23. fxg4 hxg4 24. Bh4 Bf6 25. exf5 Bxf5 26. Bxg4 Bxg4 27. Rxf6 Rxf6 28.
Bxg5 Rg6 29. h4 Qd7 30. c6 bxc6 31. dxc6 Qe6 32. b5 d5 33. Re1 Re8 34. Nb3 Qd6
35. Bf4 Qa3 36. Bxe5 Bf5 37. Rf1 Be4 38. Rf2 Qe7 39. Bf6 Qd6 40. Nc5 Rg3 41.
Qc1 Bxg2 42. Nd7 Be4+ 0-1